000 00556cam a2200205 4500
001 9748
005 20230410130841.0
008 060907n1983 sp spa
020 _a8423903699
035 _9funglode9828
041 _aES
050 1 4 _aPQ 6434
_bM722p 1983
100 1 _aMolina, Tirso de,
_d1571?-1648.
245 1 3 _aLa prudencia en la mujer :
_bel condenado por desconfiado /
_cTirso de Molina
250 _a11a ed.
260 _aMadrid :
_bEspasa-Calpe,
_c1983
300 _a177 p.
440 0 _aColección austral
942 _2lcc
_cbk
999 _c81522
_d81522